Oxford Handbook of Philosophy and Disability (Record no. 64595)

MARC details
000 -LEADER
fixed length control field 01624nam a2200241Ii 4500
008 - FIXED-LENGTH DATA ELEMENTS--GENERAL INFORMATION
fixed length control field 221202s xx 000 0 und d
245 #0 - TITLE STATEMENT
Title Oxford Handbook of Philosophy and Disability
264 ## - PRODUCTION, PUBLICATION, DISTRIBUTION, MANUFACTURE, AND COPYRIGHT NOTICE
Name of producer, publisher, distributor, manufacturer Oxford University Press
Date of production, publication, distribution, manufacture, or copyright notice 2018
300 ## - PHYSICAL DESCRIPTION
Extent 1 online resource
336 ## - CONTENT TYPE
Content type term text
Content type code txt
Source rdacontent
337 ## - MEDIA TYPE
Media type term computer
Media type code c
Source rdamedia
338 ## - CARRIER TYPE
Carrier type term online resource
Carrier type code cr
Source rdacarrier
520 ## - SUMMARY, ETC.
Summary, etc. This Handbook introduces philosophers, as well as other scholars in the humanities and social sciences, to one of the most dynamic new areas of philosophical inquiry. Disability raises some of the deepest conceptual and normative issues about human embodiment and well-being; dignity, respect, justice and equality; and personal and social identity. But it also raises pressing practical questions for educational, health, reproductive, and technology policy, and confronts controversial questions about the scope and direction of the human and civil rights movements. The Handbook addresses these issues and more, with contributions from some of the most prominent philosophers in the field. The clarity it brings to these discussions demonstrates fully the continued centrality and importance of philosophical inquiry.
653 ## - INDEX TERM--UNCONTROLLED
Uncontrolled term Philosophy, Disability, Human Embodiment, Social Identity, Normative, Conceptual, Dignity, Human Well-Being, Civil Rights, Human Rights
700 1# - ADDED ENTRY--PERSONAL NAME
Personal name 0000-0001-7199-7846
700 1# - ADDED ENTRY--PERSONAL NAME
Personal name 0000-0003-3138-4791
700 1# - ADDED ENTRY--PERSONAL NAME
Personal name 600
700 1# - ADDED ENTRY--PERSONAL NAME
Personal name 600
700 1# - ADDED ENTRY--PERSONAL NAME
Personal name Cureton, Adam
700 1# - ADDED ENTRY--PERSONAL NAME
Personal name Wasserman, David
856 ## - ELECTRONIC LOCATION AND ACCESS
Uniform Resource Identifier <a href="https://library.oapen.org/handle/20.500.12657/56694">https://library.oapen.org/handle/20.500.12657/56694</a>
942 ## - ADDED ENTRY ELEMENTS (KOHA)
Koha item type E-Book
Holdings
Withdrawn status Damaged status Not for loan Home library Current library Date acquired Total Checkouts Date last seen Price effective from Koha item type
      Directory of Open Access Books Directory of Open Access Books 11/28/2022   11/28/2022 11/28/2022 E-Book

University of Rizal System
Email us at univlibservices@urs.edu.ph

Visit our Website www.urs.edu.ph/library